| 000 | 00361nam a2200145Ia 4500 | ||
|---|---|---|---|
| 008 | 150201s1990 xx 000 0 und d | ||
| 082 |
_a617.525 _bE2009H |
||
| 100 | _aHOWE,J.L | ||
| 245 | _aTHE EXTRACTION OF TEETH | ||
| 250 | _a2ND | ||
| 260 |
_bVARGHESE PUBLICATION _aDADAR(MUMBAI) _c1990 |
||
| 300 | _aJan-94 | ||
| 650 | _aORAL SURGERY | ||
| 942 |
_2ddc _cBK _013 |
||
| 999 |
_c4370 _d4370 |
||